Ruta provincial nº13, provincia de Neuquén /

Guardado en:
Autor Principal: García, Juan J.
Formato: Libro
Idioma:Spanish
Publicado: Bahía Blanca : Universidad Nacional del Sur, 1980.
Series:Dpto.Ingeniería. Práctica final de carrera
Etiquetas: Agregar Etiqueta
Sin Etiquetas, Sea el primero en etiquetar este registro!
LEADER 00540nam a22001575a 4500
001 EUN.um038253
003 AR-BaUNS
005 20050623122910.0
008 041125s1980####ag#a##########000#0#spa#d
245 1 0 |a Ruta provincial nº13, provincia de Neuquén /  |c Juan J. García. 
260 |a Bahía Blanca :  |b Universidad Nacional del Sur,  |c 1980. 
300 |a 25 p. :  |b ilus. ;  |c 29,5 cm. . 
490 0 |a Dpto.Ingeniería. Práctica final de carrera 
100 1 |a García, Juan J. 
082 0 4 |a 625.7 
859 |a Ar-BaUNS  |b BIB. CENTRAL - Sector C  |h 625.7  |i G165  |p 86323/981